000 00314nam a2200121Ia 4500
008 240624s9999 xx 000 0 und d
041 _aeng
082 _a303.482 AZA
100 _aAZAD SALAM
245 _aCONTRIBUTION OF INDIA IN THE WAR OF LIBE
260 _c2006
_aNew Delhi
_bBookwell Publications
365 _cRS
999 _c15918
_d15918